[Event "FRA-chT Top 16 Gp Basse"]
[Site "Guingamp"]
[Date "2010.06.03"]
[Round "8.7"]
[White "Bannwarth, Frederique"]
[Black "Roos, Jean Luc"]
[Result "0-1"]
[WhiteElo "1849"]
[BlackElo "2259"]
[PlyCount "60"]
[EventDate "2010.06.03"]
[EventType "team-tourn"]
[EventRounds "11"]
[EventCountry "FRA"]
[SourceTitle "EXT 2011"]
[Source "ChessBase"]
[SourceDate "2010.11.26"]
[SourceVersion "1"]
[SourceVersionDate "2010.11.26"]
[SourceQuality "1"]
[WhiteTeam "Montpellier"]
[BlackTeam "Strasbourg"]
[WhiteTeamCountry "FRA"]
[BlackTeamCountry "FRA"]

1. e4 c6 2. d4 d5 3. Nd2 dxe4 4. Nxe4 Bf5 5. Ng3 Bg6 6. Nf3 Nd7 7. Bd3 e6 8. c3 Ngf6 9. 0-0 Bd6 10. Re1 Qc7 11. Qe2 Bxd3 12. Qxd3 0-0-0 13. Qe2 h6 14. Ne5 Rhf8 15. Nc4 Be7 16. a4 c5 17. Be3 Nd5 18. Rac1 Nxe3 19. fxe3 Kb8 20. Ne4 f5 21. Ned2 e5 22. Nb3 e4 23. Ncd2 Bd6 24. g3 Rc8 25. Qb5 Bxg3 26. hxg3 Qxg3+ 27. Kf1 Qh3+ 28. Kg1 Rc6 29. Re2 Rg6+ 30. Kf2 Qg3+ 0-1

[Event "FRA-chT Top 16 GpA"]
[Site "France"]
[Date "2010.05.01"]
[Round "6"]
[White "Le Diouron, Aurelie"]
[Black "Bannwarth, Frederique"]
[Result "1-0"]
[WhiteElo "1956"]
[BlackElo "1849"]
[PlyCount "73"]
[EventDate "2010.03.26"]
[EventType "team-tourn"]
[EventRounds "7"]
[EventCountry "FRA"]
[SourceTitle "CBM 135 Extra"]
[Source "ChessBase"]
[SourceDate "2010.05.04"]
[SourceVersion "1"]
[SourceVersionDate "2010.05.04"]
[SourceQuality "1"]

1. e4 e5 2. Nf3 Nc6 3. Bb5 Nge7 4. c3 a6 5. Ba4 b5 6. Bc2 Bb7 7. d4 Ng6 8. dxe5 Ncxe5 9. Nxe5 Nxe5 10. f4 Nc4 11. b3 Nb6 12. 0-0 d5 13. exd5 Qxd5 14. Re1+ Be7 15. Qg4 Kf8 16. Be4 Bc5+ 17. Kf1 Qxe4 18. Rxe4 Bxe4 19. Ba3 Bd3+ 20. Ke1 Bxa3 21. Nxa3 Re8+ 22. Kd2 Rd8 23. Qg5 Rd5 24. Qh4 Rd7 25. Rd1 Bf5+ 26. Kc1 Rxd1+ 27. Kxd1 f6 28. g4 Be4 29. c4 b4 30. Nc2 c5 31. Qf2 Nd7 32. Qe3 Bxc2+ 33. Kxc2 Kf7 34. Qd3 Ke7 35. Qe4+ Kd6 36. Qd5+ Kc7 37. Qf7 1-0

[Event "FRA-ch U18 Girls"]
[Site "Le Grand Bornand"]
[Date "2003.??.??"]
[Round "7.9"]
[White "Bannwarth, Frederique"]
[Black "Harnois, Clementine"]
[Result "1-0"]
[WhiteElo "1740"]
[BlackElo "2050"]
[PlyCount "81"]
[EventDate "2003.??.??"]
[EventType "swiss"]
[EventRounds "9"]
[EventCountry "FRA"]
[SourceTitle "EXT 2004"]
[Source "ChessBase"]
[SourceDate "2003.11.25"]
[SourceVersion "1"]
[SourceVersionDate "2003.11.25"]
[SourceQuality "1"]

1. e4 d6 2. d4 Nf6 3. Nc3 g6 4. Bg5 h6 5. Bd2 e5 6. dxe5 dxe5 7. Nf3 Nbd7 8. Bc4 Bg7 9. 0-0 0-0 10. h3 c6 11. Be3 Qe7 12. Nd2 Nh5 13. Nb3 Kh7 14. Qd2 f5 15. exf5 gxf5 16. Qe2 Nhf6 17. Rad1 b5 18. Nxb5 cxb5 19. Bxb5 f4 20. Bxf4 Rb8 21. Bh2 Qb4 22. Bxd7 Nxd7 23. Rfe1 Kh8 24. Qe3 Rb6 25. Rd2 Rf7 26. Qe4 Qf8 27. Red1 Bb7 28. Qg4 Nf6 29. Qe2 e4 30. Qe3 h5 31. Be5 Bh6 32. Qxb6 axb6 33. Rd8 Kh7 34. Rxf8 Bxf8 35. Bxf6 Kg6 36. Bd4 Rd7 37. Re1 Rd6 38. c3 Bh6 39. Nc1 Bd2 40. Rd1 e3 41. Bxe3 1-0

[Event "FRA-ch U18 Girls"]
[Site "Le Grand Bornand"]
[Date "2003.??.??"]
[Round "2.8"]
[White "Swiercz, Sandra"]
[Black "Bannwarth, Frederique"]
[Result "1-0"]
[WhiteElo "1959"]
[BlackElo "1740"]
[PlyCount "73"]
[EventDate "2003.??.??"]
[EventType "swiss"]
[EventRounds "9"]
[EventCountry "FRA"]
[SourceTitle "EXT 2004"]
[Source "ChessBase"]
[SourceDate "2003.11.25"]
[SourceVersion "1"]
[SourceVersionDate "2003.11.25"]
[SourceQuality "1"]

1. e4 e5 2. Nc3 Bc5 3. Bc4 Nc6 4. Qg4 Qf6 5. Nd5 Bxf2+ 6. Kd1 Qg6 7. Qxg6 hxg6 8. Nxc7+ Kd8 9. Nxa8 f5 10. exf5 gxf5 11. Nh3 Bh4 12. d3 Be7 13. Ng5 Bxg5 14. Bxg5+ Nf6 15. Kd2 b6 16. Raf1 Ne7 17. Bxf6 gxf6 18. Nxb6 axb6 19. h3 Bb7 20. Rhg1 f4 21. d4 Nf5 22. dxe5 fxe5 23. Bd3 Ne3 24. Rf2 Bxg2 25. Rfxg2 Nxg2 26. Rxg2 Rxh3 27. Bf5 Rh8 28. Rg7 Rf8 29. Bxd7 f3 30. Bb5 f2 31. Bf1 Rf6 32. Rg2 Kc7 33. Ke3 Re6 34. Rxf2 Kd6 35. Bc4 Re7 36. Rf6+ Kc7 37. Re6 1-0

[Event "FRA-ch U16 Girls"]
[Site "Hyeres"]
[Date "2002.??.??"]
[Round "7.9"]
[White "Bannwarth, Frederique"]
[Black "Chatte, Anne Sophie"]
[Result "0-1"]
[WhiteElo "1680"]
[BlackElo "2000"]
[PlyCount "116"]
[EventDate "2002.04.05"]
[EventType "swiss"]
[EventRounds "9"]
[EventCountry "FRA"]
[SourceTitle "EXT 2003"]
[Source "ChessBase"]
[SourceDate "2002.11.25"]
[SourceVersion "1"]
[SourceVersionDate "2002.11.25"]
[SourceQuality "1"]

1. e4 c5 2. Nc3 Nc6 3. g3 g6 4. Bg2 Bg7 5. d3 e6 6. Be3 d6 7. Qd2 Nge7 8. Bh6 0-0 9. h4 f5 10. Bxg7 Kxg7 11. h5 Rh8 12. h6+ Kf7 13. f4 Rf8 14. Nf3 Nd4 15. Ng5+ Kg8 16. Ne2 Nxe2 17. Qxe2 Nc6 18. c3 Re8 19. 0-0-0 Re7 20. Qc2 Na5 21. Rde1 fxe4 22. Bxe4 d5 23. Bf3 Qd6 24. Re2 Bd7 25. Rhe1 Rae8 26. Bg4 Nc6 27. Qb3 b6 28. Qc2 Bc8 29. a3 b5 30. Qd2 a5 31. Qe3 d4 32. Qd2 dxc3 33. Qxc3 Nd4 34. Kb1 b4 35. Qd2 Nxe2 36. Ne4 Qd4 37. Rxe2 Ba6 38. Re3 Rd8 39. Nf2 e5 40. a4 e4 41. Qe1 Rde8 42. dxe4 c4 43. Qc1 Bb7 44. e5 Bc6 45. Bd1 Rb8 46. Ng4 Be4+ 47. Ka1 Bf5 48. Nf6+ Kh8 49. Bf3 c3 50. g4 cxb2+ 51. Qxb2 Qxe3 52. gxf5 Qxf3 53. fxg6 Qd1+ 54. Ka2 Qxa4+ 55. Kb1 hxg6 56. e6 Qd1+ 57. Ka2 b3+ 58. Ka3 Qd6+ 0-1